000 00454nam a2200193Ia 4500
008 170705s9999 xx 000 0 und d
020 _a9780545425575
245 _aMonstrous stories :
245 _bthe day the mice stood still /
245 _cDr. Roach
260 _aNew York :
260 _bScholastic,
260 _c2012
300 _a53 pages :
300 _bcolor illustration ;
300 _c19cm.
440 _aRoach.
500 _a590
999 _c335458
_d335458